| 000 | 00847nam a2200217Ia 4500 | ||
|---|---|---|---|
| 003 | GCL | ||
| 005 | 20240530095510.0 | ||
| 008 | 140319s9999 xx 000 0 ara d | ||
| 040 |
_aGCL / _cGCL |
||
| 082 | 0 | 4 |
_a332.6730962 _bق/ح ا |
| 100 | 1 | _aحسين عبد المطلب الاسرج | |
| 245 | 1 | 0 |
_aاستراتيجية تنمية الاستثمار الاجنبى المباشر الى مصر / _cحسين عبد المطلب الاسرج |
| 260 |
_aالقاهرة : _bمؤسسة الاهرام ، _c2005 |
||
| 300 |
_a88 ص ؛ _c24 سم |
||
| 490 |
_aكتاب الاهرام الاقتصادى _v213 |
||
| 650 | 0 | 4 | _aالعلاقات الاقتصادية الدولية |
| 650 | 0 | 4 | _aالاستثمارات الاجنبية |
| 650 | 0 | 4 | _aالشركات الاجنبية |
| 650 | 0 | 4 | _aالاستثمار الدولى |
| 942 |
_2ddc _cBK |
||
| 999 |
_c7851 _d7851 |
||